00939cam a22002657a 4500003000500000005001700005008004100022010001000063011001000073035001000083040000900093100003700102245016800139260004100307300001100348502007500359650004100434650001400475650003100489650003000520650002700550650003500577650003300612650002800645CHAP20250903062748.0980603d1998 mx r 00110 spa d a75692 a76664 a86250 cCHAP00aRetana Rentería, Miguel Angel.10aProductividad animal y características de la fermentación ruminal en bovinos para carne alimentados con forrajes ensiladosc/por Miguel Angel Retana Rentería aChapingo, Méx. :bEl autor,c1998. a186 h. aTesis (Ing. Agr. Esp. en Zootecnia) -- UACH. Departamento de Zootecnia14aAlimentos y alimentacion del ganado.14aEnsilaje.17aForrajesxDigestibilidad214aForrajesxFermentación.14aForrajesxRendimiento.14aGanado vacunoxAlimentación.14aGanado vacunoxProducción.14aRumenxMicrobiología.